Quizzes
Events
Quiz Creation
Community
Videos
Private Events
Remove Ads
Sign In
Join for FREE
Feedback
Dark Mode
Quiz Categories
Sports
Geography
Music
Movies
Television
Just For Fun
Miscellaneous
History
Literature
Language
Science
Gaming
Entertainment
Religion
Holiday
For Kids
Quiz Lab
Recent
Popular Today
Quiz Kudos Today
Editor Picks
Curator Picks
Quizzes by...
Day
Popularity
Type
Ratings
Length
Year
Community
Subscriptions
Recent Discussions
Orange Saloon
Badges
Playlists
Quests
Create
Leaderboards
Showdown
Live 5
Trivia Bingo
Activity
Puzzle Library
Sporcle Events
Private Events
Virtual Trivia
Globe League
Become a Host
Pub Owners
SporcleCon
Opinionation
Our Games
Videos
Blog
Mobile Apps
Partnerships
Remove Ads and Go Orange
Feedback
Television
TV Characters
TV Show
Sitcom
Network
Friends
Reality Shows
Cast
South Park
Star Trek
The Simpsons
Doctor Who
Television
TV Characters
TV Show
Sitcom
Network
Friends
Reality Shows
Cast
South Park
Star Trek
The Simpsons
Doctor Who
Random Quiz
Search Sporcle
×
Quiz Lab
Quiz Lab
Television
TV Show
Type in answers that appear in a list
Type in answers that appear in a list
Classic
Best Score? Go Orange.
Gilmore Girls Trivia Chain Stats
Can you name the Gilmore Girls trivia from the previous answer?
By
alicewelly
4m
34 Questions
48.1K Plays
48,129 Plays
48,129 Plays
Comments
Comments
Give Quiz Kudos
Give Quiz Kudos
-
- Ratings
hide this ad
No Skip
Answers have to be entered in order without skipping
Answers have to be entered in order without skipping
Replay
Link that replays current quiz
Next Quiz
Link to next quiz in quiz playlist
You Got
0%
They Got
Avg Score
59%
Avg Friend Score
Upgrade to see
Score Distribution
Jump to the score distribution portion of the page
Score
0/34
Timer
04:00
1
Play Today
Hint
Answer
% Correct
?
???
100%
?
???
99.8%
?
???
99.2%
?
???
98.9%
?
???
95.4%
?
???
95.2%
?
???
93.8%
?
???
84.2%
?
???
74.8%
?
???
74%
?
???
66.4%
?
???
61%
?
???
59.3%
?
???
59%
?
???
58.4%
?
???
57.3%
?
???
57.1%
Hint
Answer
% Correct
?
???
55.5%
?
???
52.5%
?
???
52.2%
?
???
51.3%
?
???
50%
?
???
43.2%
?
???
41.8%
?
???
41%
?
???
39.4%
?
???
36.3%
?
???
35.3%
?
???
34.6%
?
???
32.6%
?
???
31.3%
?
???
30.7%
?
???
29.1%
?
???
16.2%
Quiz Playlist
Details
Report
Send in Message
Add To Playlist
Classic:
Type in answers that appear in a list
No Skip:
Answers have to be entered in order without skipping
Last Updated: Jan 31, 2018
Quiz Scoreboard
CHALLENGE
Sign Up to Join the Scoreboard
Show All
Scores
Hide
Comments
May contain spoilers
Recently Published
An Introduction to Baseball
by treessimontrees
Sports
5m
Movies - When Are They Set?
by FPL_Elf
Movies
5m
Popular People in 1961
by mucciniale
History
6m
More to Explore
Quiz From the Vault
Featured Blog Post
Where Did the Easter Bunny Come From?
hide this ad
You Might Also Like...
Tags
TV Show Quiz
Gilmore Girls
Today's Top Quizzes in Television
Browse Television
hide this ad
Today's Top Quizzes in TV Show
Browse TV Show
Top Contributed Quizzes in Television
1
One Piece Logic Puzzle
2
Survivor Logic Puzzle: Heroes vs. Villains
3
Survivor Seasons
4
Survivor Season by Logo
5
5-to-1: The Simpsons Families
6
Survivor Trivia
7
One Thing in Common: Television
8
Who Wants to Be a Millionaire?
9
Survivor Logic Puzzle: Winners at War
10
Ultimate Survivor Logic Puzzle
Explore More
Trending Topics
NBA
Marvel
Disney
Crossword
Kpop
Anime
Harry Potter
Song
The Office
NFL
Country
Pokémon
Soccer
WWE
Puzzle
hide this ad
More By:
alicewelly
Quiz
Plays
Rating
Category
Featured
Created
Gilmore Girls Trivia Chain
48,128
4.75
Television
Apr 28, 2012
The Beatles, Beatle-less
287
4.50
Music
Jan 31, 2012
Movie quotes with moustaches
107
3.67
Movies
Apr 29, 2012
Oscar Winners Minus the Oscar...
103
3.60
Movies
Jan 8, 2012
Go to Creator's Profile
Score Distribution
Quiz Creator Spotlight
alicewelly
Follow
Send a Message
Quizzes Created
-
Created Quiz Play Count
-
More By This Creator
Popular Quizzes Today
1
Find the Countries of Europe - No Outlines Minefield
2
Find the US States - No Outlines Minefield
3
The Countries of the World
4
Popular People in 1961
5
US States
6
Find the US States
7
1-10 Letter E Words III
8
Risky Map Clicking: Biggest States A-Z
More Television Quizzes
Acternative TV Characters
Editor's Pick
Trending Quizzes
Risky Map Clicking: Least Populous States A-Z
1-10 Letter F Words
1-10 Letter G Words
One Thing in Common: United Kingdom
Risky Map Clicking: Next State Alphabetically
Recently Updated
Leaping Animals
pecheneg
Reality TV Shows (A-Z)
bhenderson79
Rickey Henderson's Hall of Fame Teammates
pecheneg
Champions League XIs: Arsenal
pecheneg
Quick Pick: Celebrities in WWE's Hall of Fame
aduchscher
A-Z Keypad Blitz II
pecheneg
Multiple Oscar Actors
pecheneg
Mystery Phrase Blitz: Oscar 'Best Actors'
pecheneg
F. Scott Fitzgerald Novels
LTH
Pick 3 Villains
ddd62291
Trending Topics
Anime
Harry Potter
NBA
Kpop
Crossword
Disney
Marvel
The Office
Pokémon
NFL
Soccer
Puzzle
Country
Song
WWE
Your Account Isn't Verified!
In order to create a playlist on Sporcle, you need to verify the email address you used during registration. Go to your
Sporcle Settings
to finish the process.
Report this User
Report this user for behavior that violates our
Community Guidelines
.
Details:
Send Report
Go to the Sporcle.com Mobile Site →
Comments